Focus sur: Thráin II - Tolkien - Statistiques

Statistiques générales
  • Ce quiz a été pris 19 fois
  • Le résultat moyen est 9 sur 15
Statistiques - réponses
Informations recherchées Réponses % Correct
Espèce Nain
100%
Profession et titre Roi sous la Montagne/du peuple de Durin
100%
Royaumes et contrées Erebor
94%
Age durant lequel il vécut Troisième
94%
Fils Thorin II
89%
Maison (lignée) Durin
89%
Première mention Le Hobbit
89%
Père Thror
78%
Montagnes bleues
50%
Fille Dís
33%
Frerin
28%
Michael Mizrahi
17%
Acteurs l'interprétant dans les films Thomas Robins
11%
Antony Sher
6%
Dunlande
6%
Aucun quiz correspondant
Distribution des résultats
% des personnes avec chaque résultat
Percentile par nombre de réponses
Votre historique - résultats
Vous n’avez pas pris ce quiz